French Open Men's Tennis Champions - Open Era - Statistics

General Stats
  • This quiz has been taken 79 times
  • The average score is 28 of 57
Answer Stats
Answer % Correct
Novak Djokovic
98%
Rafael Nadal
98%
Roger Federer
98%
Carlos Alcaraz
95%
Björn Borg
88%
Stan Wawrinka
88%
Andre Agassi
85%
Alexander Zverev
80%
Andy Murray
80%
Casper Ruud
76%
John McEnroe
75%
Dominic Thiem
71%
Ivan Lendl
71%
Rod Laver
68%
David Ferrer
66%
Jim Courier
64%
Stefanos Tsitsipas
64%
Juan Carlos Ferrero
63%
Michael Chang
61%
Mats Wilander
59%
Robin Söderling
58%
Guillermo Vilas
56%
Gustavo Kuerten
56%
Ilie Năstase
56%
Stefan Edberg
56%
Andrei Medvedev
54%
Yannick Noah
51%
Carlos Moyá
47%
Ken Rosewall
46%
Albert Costa
44%
Gastón Gaudio
44%
Thomas Muster
42%
Guillermo Coria
39%
Sergi Bruguera
39%
Sergi Bruguera
39%
Yevgeny Kafelnikov
39%
Andrés Gómez
37%
Adriano Panatta
36%
Jan Kodeš
36%
Mariano Puerta
36%
Michael Stich
34%
Andrés Gimeno
29%
Àlex Corretja
27%
Martin Verkerk
27%
Magnus Norman
25%
Manuel Orantes
25%
Petr Korda
25%
Vitas Gerulaitis
25%
Alberto Berasategui
14%
Henri Leconte
14%
Harold Solomon
12%
Mikael Pernfors
8%
Nikola Pilić
8%
Brian Gottfried
7%
Patrick Proisy
7%
Víctor Pecci
7%
Željko Franulović
7%
No matching quizzes found
Score Distribution
Percent of People with Each Score
Percentile by Number Answered
Your Score History
You have not taken this quiz